00655nam a2200217Ia 450000500170000000800410001708200190005810000120007710000190008924500700010826000490017830000160022765000130024365000140025665000110027065000150028165000250029694200060032195200950032799900150042220250203054202.0240331s9999 xx 000 0 und d bMIE227a305.4 aMies, M aJayawardena, K 0aFeminism in Europe:bLiberal and Socialist Strategies 1789 - 1919 aThe HaguebInstitute of Social Studiesc1981 aiv, 208 p., aFeminism aSocialism aEurope aLiberalism aWomen's Emancipation cL 001040708LaWERCLbWERCLcSSCd2024-03-31l0o 305.4 FEMp27r2024-03-31w2024-03-31yL c1663d1663